| 000 | 01098nam a22003251c 4500 | ||
|---|---|---|---|
| 001 | 365060089 | ||
| 008 | 080605s2003 gw |||| 000u ger d | ||
| 020 |
_a3486566172 _93-486-56617-2 |
||
| 041 | _ager | ||
| 100 | 1 | _aAlte, Rüdiger | |
| 245 | 0 | 4 |
_aDie Außenpolitik der Tschechoslowakei und die Entwicklung der internationalen Beziehungen 1946 - 1947 / _cvon Rüdiger Alte |
| 246 | 1 | 4 | _aDie Außenpolitik der Tschechoslowakei 1946/1947 |
| 264 |
_aMünchen : _bOldenbourg, _c2003 |
||
| 300 | _aVIII, 577 S. | ||
| 336 |
_aText _btxt _2rdacontent |
||
| 337 |
_aComputermedien _bc _2rdamedia |
||
| 338 |
_aOnline-Ressource _bcr _2rdacarrier |
||
| 500 | _afrei im Netz zugänglich | ||
| 502 | _aZugl.: Marburg, Univ., Diss., 1998 | ||
| 651 | 0 | _aTschechoslowakei | |
| 651 | 0 | _aOsteuropa | |
| 651 | 0 | _aOstblock | |
| 651 | 0 | _aSowjetunion | |
| 655 | 0 | _aHochschulschrift | |
| 856 | 4 | _uhttp://nbn-resolving.de/urn/resolver.pl?urn=urn:nbn:de:bvb:12-bsb00092908-4 | |
| 942 | _cEB | ||
| 040 | _cRU-10907106 | ||
| 003 | RU-10907106 | ||
| 999 |
_c37569 _d37569 |
||
| 490 | 0 |
_aVeröffentlichungen des Collegium Carolinum _v96 |
|